Broučci /
Málokterá knížka pro dětské čtenáře se drží na knižním trhu tak dlouho, jako Broučci Jana Karafiáta, který je vydal vlastním nákladem v r. 1876. Důvodů je víc, především však půvab a jednoduchost respektive srozumitelnost (pro děti tak důležitá) Karafiátova textu, v němž přenesl lidský život do svět...
Uloženo v:
| Hlavní autor: | |
|---|---|
| Další autoři: | , , , , , , , , |
| Médium: | E-audiokniha |
| Vydáno: |
Praha :
Supraphon a.s.,
2010
|
| Tagy: |
Žádné tagy |
| LEADER | 02807nim a22004697i 4500 | ||
|---|---|---|---|
| 001 | 313343 | ||
| 007 | sr nunnnnnnned | ||
| 024 | |a 099925585525 | ||
| 044 | |a xr | ||
| 100 | 1 | |a Karafiát, Jan |4 aut | |
| 245 | 1 | 0 | |a Broučci / |c Karafiát, Jan |
| 264 | 1 | |a Praha : |b Supraphon a.s., |c 2010 | |
| 300 | |a 1 online zdroj (1 hod., 27 min., 25 sek.) | ||
| 336 | |a mluvené slovo |b spw |2 rdacontent | ||
| 337 | |a audio |b s |2 rdamedia | ||
| 338 | |a online zdroj |b cr |2 rdacarrier | ||
| 505 | 0 | 0 | |t Broucek objevuje svet (10 min., 2 sek.) |
| 505 | 0 | 0 | |t Pripravy na zimu (7 min., 1 sek.) |
| 505 | 0 | 0 | |t Maminka vypravi Brouckovi pohadku (5 min., 9 sek.) |
| 505 | 0 | 0 | |t Jak Broucek poprve letel (7 min., 46 sek.) |
| 505 | 0 | 0 | |t Jak bylo s Brouckem zle (9 min., 6 sek.) |
| 505 | 0 | 0 | |t A zas byl podzim a pak kruta zima (5 min., 22 sek.) |
| 505 | 0 | 0 | |t Jak Broucek potkal Verunku (9 min., 55 sek.) |
| 505 | 0 | 0 | |t Jak se Verunka vdala a Broucek byl smutny (6 min., 55 sek.) |
| 505 | 0 | 0 | |t Jak se Broucek uchazel o Berusku (4 min., 44 sek.) |
| 505 | 0 | 0 | |t Jak po svatbe zustali Broucek s Beruskou sami (5 min., 52 sek.) |
| 505 | 0 | 0 | |t Jak se narodilo deset malych broucku (6 min., 29 sek.) |
| 505 | 0 | 0 | |t Jak mali broucci poprve leteli (9 min., 4 sek.) |
| 520 | 2 | |a Málokterá knížka pro dětské čtenáře se drží na knižním trhu tak dlouho, jako Broučci Jana Karafiáta, který je vydal vlastním nákladem v r. 1876. Důvodů je víc, především však půvab a jednoduchost respektive srozumitelnost (pro děti tak důležitá) Karafiátova textu, v němž přenesl lidský život do světa broučků-světlušek. Přes náboženské aspekty knihy (Karafiát byl evangelický farář) se k ní hlásily všechny generace českých čtenářů a k její popularitě přispěly také ilustrace Jiřího Trnky i pozdější seriál TV večerníčků. Supraphon má ve svém archivu hned tři verze dramatizací Broučků, z nichž jednu, postavenou na interpretačním mistrovství Věry Galatíkové s hudbou Vadima Petrova, vám toto 2CD nabízí. Dramatizace jedné z nejoblíbenějších dětských knih! | |
| 700 | 1 | |a Zinková, Viola |4 nrt | |
| 700 | 1 | |a Sejk, Soběslav |4 nrt | |
| 700 | 1 | |a Reifová, Magdalena |4 nrt | |
| 700 | 1 | |a Jurištová, Julie |4 nrt | |
| 700 | 1 | |a Galatíková, Věra |4 nrt | |
| 700 | 1 | |a Pelzer, Petr |4 nrt | |
| 700 | 1 | |a Křepelka, Mikuláš |4 nrt | |
| 700 | 1 | |a Štěpánková, Jana |4 nrt | |
| 700 | 1 | |a Drbohlavová, Jana |4 nrt | |
| 910 | |a RBIT002 | ||
| 998 | |d 403665 |a https://core.palmknihy.cz/api/books/403665/cover?scg4vt |b https://core.palmknihy.cz/api/books/403665/cover/400?scg4vt |c https://core.palmknihy.cz/api/books/403665/cover/50?scg4vt |e 2099-01-01 |i 099925585525 |l 5245 |q 49 |r 1 |s https://www.palmknihy.cz/kniha/403665 |t audiobook |y 2010 |z 1 | ||
| 999 | |d 313341 | ||